000 00471nam a2200145 4500
999 _c10406
_d10406
008 180828b ||||| |||| 00| 0 eng d
022 _a2094-8042
082 _aDPer 370.105 M72 Jan-Dec 2011 v59-60
100 _930574
_aDe la Cruz, Clarybel Bonilla
245 _aRosal/
_cClarybel Bonilla De la Cruz
260 _aPhilippines;
_bIn The Grade School, Inc.,
_cc2011.
300 _av60 n2, page 78:
_billustrations;
_c27cm.
650 0 _930575
_aPoetry.
942 _2ddc
_cPER